[Event "21st Open"]
[Site "Oberwart"]
[Date "1999.07.12"]
[Round "3.18"]
[White "BURMAKIN, Vladimir"]
[Black "PETSCHAR, Kurt"]
[Result "1-0"]
[WhiteElo "2579"]
[BlackElo "2250"]
[PlyCount "105"]
[EventDate "1999.07.12"]

1. d4 d5 2. c4 c6 3. Nf3 Nf6 4. Nc3 e6 5. e3 Nbd7 6. Qc2 Bd6 7. Be2 O-O 8. O-O
dxc4 9. Bxc4 Qe7 10. h3 h6 11. e4 e5 12. Nh4 Nb6 13. Ng6 Qc7 14. Nxe5 Bxe5 15.
dxe5 Qxe5 16. Bd3 Be6 17. Ne2 Rad8 18. Bf4 Qa5 19. Bd2 Qa4 20. b3 Qa3 21. Be3
Nbd7 22. Nd4 Rfe8 23. Rad1 a6 24. f4 c5 25. Nxe6 fxe6 26. Bc1 Qa5 27. Bb2 b5
28. Bc3 Qb6 29. Qf2 e5 30. Bb1 Qc7 31. fxe5 Nxe5 32. Rxd8 Rxd8 33. Qg3 Nfd7 34.
Rd1 Re8 35. Kh2 Re7 36. Bc2 Qc6 37. Rd5 Qe6 38. Bxe5 Nxe5 39. Rxc5 Qf6 40. b4
Kh7 41. Bb3 h5 42. Rc8 g5 43. Kg1 h4 44. Qf2 Qxf2+ 45. Kxf2 Nd3+ 46. Ke2 Nf4+
47. Kf3 Nd3 48. Rc3 Ne5+ 49. Ke3 Kg7 50. Rc8 Rd7 51. Bd5 a5 52. bxa5 Ra7 53.
Kd4 1-0

[Event "21st Open"]
[Site "Oberwart"]
[Date "1999.07.12"]
[Round "3.19"]
[White "SOMOGYI, Zoltan"]
[Black "KOUTSIN, Sergej"]
[Result "0-1"]
[WhiteElo "2175"]
[BlackElo "2415"]
[PlyCount "150"]
[EventDate "1999.07.12"]

1. e4 e6 2. d4 d5 3. Nc3 Bb4 4. Bd3 c5 5. exd5 Qxd5 6. Bd2 Bxc3 7. Bxc3 cxd4 8.
Bxd4 e5 9. Bc3 Nc6 10. Qf3 Nf6 11. Qxd5 Nxd5 12. Bd2 Be6 13. Nf3 f6 14. a3
O-O-O 15. O-O-O g5 16. h3 h5 17. b3 Nde7 18. Bc3 Bd5 19. Rhe1 Rhg8 20. Bb2 Kc7
21. Be4 Bxe4 22. Rxe4 Ng6 23. g3 Nce7 24. h4 g4 25. Nd2 Nf5 26. Rc4+ Kb8 27.
Ne4 Rxd1+ 28. Kxd1 Rd8+ 29. Ke2 Nd6 30. Nxd6 Rxd6 31. a4 b6 32. Ba3 Re6 33. Ke3
f5 34. Bb2 Kb7 35. b4 a6 36. b5 axb5 37. axb5 Ne7 38. Ke2 Nd5 39. Ra4 Nf6 40.
Rc4 Nd7 41. Ba3 Nf6 42. Bb2 Ne4 43. Rc6 Rxc6 44. bxc6+ Kxc6 45. Bxe5 Kd5 46.
Bb2 Nd6 47. Kd3 b5 48. Bc1 Nc4 49. Bh6 Ne5+ 50. Ke3 Ng6 51. Kd3 Ke5 52. Bg7+
Kd5 53. Bh6 Ne5+ 54. Ke3 Ng6 55. Kd3 Kc5 56. Kc3 Ne5 57. Bf8+ Kd5 58. Bg7 Nc6
59. Kd3 Nd8 60. Bh6 Ne6 61. Be3 Ke5 62. Bd2 f4 63. Bc3+ Kd5 64. Bd2 Nc5+ 65.
Ke2 fxg3 66. fxg3 Ke4 67. Bh6 Ne6 68. c3 Nc7 69. Bg7 Nd5 70. Bh8 Ne7 71. Bg7
Nf5 72. Bf6 Nxg3+ 73. Kf2 Nf5 74. Bg5 Kd3 75. Bf6 Nd6 0-1

[Event "21st Open"]
[Site "Oberwart"]
[Date "1999.07.12"]
[Round "3.20"]
[White "SENONER, Erich Jun."]
[Black "JURKOVIC, Hrvoje"]
[Result "0-1"]
[WhiteElo "2146"]
[BlackElo "2370"]
[PlyCount "150"]
[EventDate "1999.07.12"]

1. d4 d5 2. Bg5 f6 3. Bf4 e5 4. dxe5 Nc6 5. exf6 Nxf6 6. e3 Bc5 7. Nf3 O-O 8.
Nbd2 d4 9. Bc4+ Kh8 10. exd4 Nxd4 11. O-O Bg4 12. c3 Nxf3+ 13. Nxf3 Ne4 14.
Qxd8 Raxd8 15. Bxc7 Rc8 16. Bg3 Bxf3 17. gxf3 Nd2 18. Bd5 Nxf1 19. Rxf1 b6 20.
Re1 Rcd8 21. c4 Bd6 22. Kg2 h6 23. Re6 Rf6 24. Re2 g5 25. Be5 Bxe5 26. Rxe5 Rd7
27. h3 Kg7 28. Kg3 Kf8 29. Re3 Re7 30. Rb3 Re1 31. Ra3 a5 32. Rb3 Rg1+ 33. Kh2
Rc1 34. Kg2 Rc2 35. a3 Rd6 36. Rb5 Kg7 37. Kg3 Kf6 38. Kg2 Rc1 39. b4 a4 40.
Bg8 Kg7 41. Bd5 Rc3 42. Kg3 Rxa3 43. Be4 Rb3 44. Bc2 Rd2 45. Bxb3 axb3 46. Re5
b2 47. Re1 Rc2 48. Rb1 Kf6 49. f4 gxf4+ 50. Kxf4 Rxc4+ 51. Ke3 Rc2 52. Kd3 Rxf2
53. Kc4 Ke5 54. Re1+ Kf4 55. Kb5 Rc2 56. Rb1 Ke3 57. Ka4 Rf2 58. Kb3 Kf3 59. h4
Kg4 60. Rh1 Rh2 61. Rd1 Rd2 62. Re1 Kxh4 63. Ka2 Kg3 64. Re6 h5 65. Rxb6 h4 66.
Rg6+ Kf2 67. Rh6 Rd4 68. Kxb2 Rxb4+ 69. Kc3 Rg4 70. Kd2 Kg2 71. Ke2 h3 72. Rf6
h2 73. Rf2+ Kh3 74. Rf3+ Rg3 75. Rf1 Rg1 0-1

[Event "21st Open"]
[Site "Oberwart"]
[Date "1999.07.12"]
[Round "3.21"]
[White "SEEL, Christian"]
[Black "KORPICS, Zsolt"]
[Result "0-1"]
[WhiteElo "2116"]
[BlackElo "2310"]
[PlyCount "56"]
[EventDate "1999.07.12"]

1. Nf3 Nc6 2. d4 d5 3. c4 Bg4 4. Nc3 Bxf3 5. gxf3 e6 6. cxd5 exd5 7. e4 Bb4 8.
Bb5 Nge7 9. a3 Ba5 10. Qa4 O-O 11. Be3 a6 12. Bxc6 Bxc3+ 13. bxc3 Nxc6 14.
O-O-O Qf6 15. Rhg1 Rfe8 16. Qc2 Qd6 17. exd5 Qxa3+ 18. Kb1 Ne7 19. Bc1 Qd6 20.
Rg5 Nxd5 21. Rdg1 g6 22. h4 Qb6+ 23. Bb2 Re2 24. Qc1 Nf4 25. Rd1 Rae8 26. Rg4
Nd5 27. Ka1 Rxb2 28. Qxb2 Qa5+ 0-1

[Event "21st Open"]
[Site "Oberwart"]
[Date "1999.07.12"]
[Round "3.22"]
[White "HERBST, Daniel"]
[Black "KOENIG, Dietrich"]
[Result "0-1"]
[WhiteElo "2103"]
[BlackElo "2305"]
[PlyCount "118"]
[EventDate "1999.07.12"]

1. e4 d5 2. exd5 Qxd5 3. Nc3 Qa5 4. b4 Qxb4 5. Rb1 Qd6 6. Qf3 c6 7. Bc4 e6 8.
Nge2 Nf6 9. d4 Qc7 10. Ng3 Nbd7 11. O-O Be7 12. Bf4 Qd8 13. Nce4 Nxe4 14. Nxe4
Nf6 15. Be5 Nxe4 16. Qxe4 O-O 17. Rb3 g6 18. Rh3 f5 19. Qe3 Bf6 20. Re1 b5 21.
Bb3 a5 22. a3 Rf7 23. Qc3 a4 24. Ba2 Qa5 25. Qxa5 Rxa5 26. Bxf6 Rxf6 27. f4 Ra8
28. Rhe3 Kf7 29. Re5 Bd7 30. R1e3 Rb8 31. c3 h6 32. Rh3 Kg7 33. Rhe3 Re8 34.
Rg3 Rff8 35. Kf2 Kf6 36. Rh3 Rh8 37. Rhe3 g5 38. Kf3 Rhg8 39. g3 h5 40. fxg5+
Rxg5 41. Kf2 h4 42. c4 bxc4 43. Rc5 Rb8 44. Re2 hxg3+ 45. hxg3 Rbg8 46. Re3 f4
47. Rf3 Rxg3 48. Rxf4+ Ke7 49. Bxc4 Rxa3 50. Ra5 Rb8 51. Re4 Rb2+ 52. Re2 Rxe2+
53. Kxe2 Rc3 54. Rc5 Kd6 55. Kd2 Rg3 56. Ra5 a3 57. Bd3 Be8 58. Ra8 Bg6 59. Bc4
Be4 0-1

[Event "21st Open"]
[Site "Oberwart"]
[Date "1999.07.12"]
[Round "3.23"]
[White "SCHWANINGER, Wolfgang"]
[Black "AMANN, Guenter"]
[Result "1/2-1/2"]
[WhiteElo "2089"]
[BlackElo "2247"]
[PlyCount "102"]
[EventDate "1999.07.12"]

1. c4 c6 2. d4 d5 3. cxd5 cxd5 4. Nc3 Nf6 5. g3 Nc6 6. Bg2 Bf5 7. Nf3 h6 8. O-O
e6 9. a3 Bd6 10. b4 O-O 11. Bb2 Rc8 12. Rc1 Nd7 13. Nh4 Bh7 14. e4 Be7 15. exd5
exd5 16. Nf3 Nb6 17. Ne5 Bf6 18. Na4 Bxe5 19. Nxb6 Bxd4 20. Rxc6 Bxb6 21. Rxc8
Qxc8 22. Qxd5 Qc2 23. Qe5 f6 24. Bd5+ Kh8 25. Qe7 Qc8 26. Qxb7 Qxb7 27. Bxb7
Rd8 28. Rc1 Rd2 29. Rc8+ Bg8 30. Bc3 Rxf2 31. Kh1 Rc2 32. h4 Rc1+ 33. Kg2 Kh7
34. Be4+ g6 35. h5 Bf7 36. g4 Bd4 37. hxg6+ Bxg6 38. Rc7+ Kh8 39. Bxg6 Rxc3 40.
Rd7 Bb6 41. a4 Rc4 42. Rh7+ Kg8 43. Bf7+ Kxh7 44. Bxc4 Kg6 45. Kf3 Kg5 46. Be6
Bc7 47. Ke4 Bd6 48. b5 Bc5 49. a5 h5 50. gxh5 Kxh5 51. Kf5 Bg1 1/2-1/2

[Event "21st Open"]
[Site "Oberwart"]
[Date "1999.07.12"]
[Round "3.25"]
[White "WIATER, Michael"]
[Black "SOMOGYI, Istvan"]
[Result "0-1"]
[WhiteElo "2065"]
[BlackElo "2238"]
[PlyCount "128"]
[EventDate "1999.07.12"]

1. e4 c5 2. Nf3 e6 3. d4 cxd4 4. Nxd4 Nc6 5. Be2 Qc7 6. Nc3 a6 7. O-O Nf6 8. a3
Bd6 9. h3 Nxd4 10. Qxd4 Be5 11. Qd3 b5 12. f4 Bxc3 13. bxc3 Bb7 14. e5 Nd5 15.
c4 bxc4 16. Qxc4 Qb6+ 17. Kh2 Rc8 18. Qb3 Qxb3 19. cxb3 Rc3 20. b4 O-O 21. Bf3
Rfc8 22. h4 g6 23. Bb2 Rc2 24. Bd4 R8c4 25. Rf2 Bc6 26. Rxc2 Rxc2 27. Kg3 Ne7
28. Bxc6 Nf5+ 29. Kh3 dxc6 30. Bc5 Rc3+ 31. Kh2 Nxh4 32. Rd1 g5 33. Be7 h6 34.
fxg5 Ng6 35. Rd8+ Kh7 36. Bf6 hxg5 37. Rd7 Kg8 38. Rd8+ Kh7 39. Rd7 Rxa3 40.
Rxf7+ Kh6 41. Rc7 Rc3 42. Ra7 Nf4 43. Ra8 Nd5 44. Rh8+ Kg6 45. Rg8+ Kf7 46.
Rg7+ Kf8 47. Rxg5 Rc4 48. Rh5 Rxb4 49. Rh8+ Kf7 50. Ra8 Ra4 51. Ra7+ Kg6 52.
Rg7+ Kf5 53. Rg5+ Kf4 54. Rg3 Ra1 55. Rf3+ Ke4 56. Kg3 c5 57. Bg7 c4 58. Bh6 c3
59. Rf2 a5 60. Kg4 Nb4 61. Re2+ Kd3 62. Re3+ Kd4 63. Rf3 c2 64. g3 Nd3 0-1

[Event "21st Open"]
[Site "Oberwart"]
[Date "1999.07.12"]
[Round "3.26"]
[White "ANGERER, Michael"]
[Black "SCHEIN, Karl-Heinz"]
[Result "0-1"]
[WhiteElo "2054"]
[BlackElo "2229"]
[PlyCount "78"]
[EventDate "1999.07.12"]

1. e4 e6 2. d4 d5 3. exd5 exd5 4. Nf3 Bd6 5. c4 c6 6. Nc3 Ne7 7. Bg5 f6 8. Bh4
Bg4 9. c5 Bc7 10. h3 Bh5 11. g4 Bg6 12. Bd3 Nd7 13. Qe2 Bxd3 14. Qxd3 Ng6 15.
O-O-O O-O 16. Bg3 Bxg3 17. fxg3 Re8 18. h4 b5 19. h5 Nh8 20. g5 fxg5 21. h6 g6
22. Rdf1 Nf7 23. Nd1 Qe7 24. Re1 Qf6 25. Ref1 Qe6 26. Nd2 Nf6 27. Qf3 Ne4 28.
Nxe4 dxe4 29. Qe3 Rad8 30. Nf2 Qc4+ 31. Kb1 Qxd4 32. Qb3 Qc4 33. Qe3 Re7 34.
Rc1 Qd4 35. Qe2 Qd2 36. Qf1 e3 37. Rd1 e2 38. Qh3 e1=Q 39. Rhxe1 Rxe1 0-1

[Event "21st Open"]
[Site "Oberwart"]
[Date "1999.07.12"]
[Round "3.27"]
[White "STEINER, Karl"]
[Black "SPELEC, Darko"]
[Result "0-1"]
[WhiteElo "2046"]
[BlackElo "2187"]
[PlyCount "128"]
[EventDate "1999.07.12"]

1. Nf3 Nf6 2. d4 e6 3. Bg5 Be7 4. Nbd2 d6 5. e4 Nbd7 6. Bd3 e5 7. c3 O-O 8. O-O
h6 9. Bxf6 Bxf6 10. Rc1 Re8 11. d5 Nf8 12. b4 Ng6 13. g3 Bg4 14. Nc4 Bg5 15.
Ne3 Bxe3 16. fxe3 a5 17. Qb3 Bxf3 18. Rxf3 b6 19. a3 Qg5 20. Kh1 Nf8 21. Kg2
Nh7 22. h4 Qg4 23. Qd1 Nf6 24. Rf5 Qxd1 25. Rxd1 axb4 26. axb4 Ng4 27. Rf3 Ra2+
28. Kg1 Rea8 29. Rc1 Rd2 30. Bc4 Ra3 31. h5 b5 32. Bxb5 Raa2 33. Bf1 g6 34.
hxg6 fxg6 35. Bc4 Rg2+ 36. Kh1 Rh2+ 37. Kg1 Rag2+ 38. Kf1 Rb2 39. Kg1 Rhg2+ 40.
Kh1 Rh2+ 41. Kg1 Rhe2 42. Ra1 Nh2 43. Ra8+ Kg7 44. Rff8 h5 45. Rg8+ Kh6 46.
Raf8 Rg2+ 47. Kh1 Rxg3 48. Rf6 Nf3 49. Rgxg6+ Rxg6 50. Rxf3 Rb1+ 51. Kh2 Rc1
52. Bb5 Rc2+ 53. Kh3 Rg1 54. Be8 Rh1+ 55. Kg3 h4+ 56. Kg4 Rg2+ 57. Kf5 Rg3 58.
Rf2 h3 59. Kf6 Rhg1 60. Rf5 Rg6+ 61. Bxg6 Rxg6+ 62. Ke7 Rg7+ 63. Ke6 h2 64. Rf1
Rg1 0-1

[Event "21st Open"]
[Site "Oberwart"]
[Date "1999.07.12"]
[Round "3.31"]
[White "MAYR, Thomas"]
[Black "GOLUBOVIC, Boris"]
[Result "0-1"]
[WhiteElo "2065"]
[BlackElo "2457"]
[PlyCount "64"]
[EventDate "1999.07.12"]

1. e4 c5 2. Ne2 d6 3. c4 e5 4. d3 Nc6 5. g3 h5 6. h3 Be7 7. Be3 Bg5 8. Bxg5
Qxg5 9. Qd2 Qxd2+ 10. Kxd2 h4 11. g4 Nge7 12. Nbc3 Be6 13. f4 exf4 14. Nxf4 a6
15. Bg2 Ne5 16. Rhe1 N7c6 17. Nfd5 Bxd5 18. Nxd5 Rb8 19. Rab1 a5 20. Nc7+ Kd7
21. Nb5 Nb4 22. Re3 Nxa2 23. Ra1 Nb4 24. Kc3 Nbc6 25. Rd1 Ra8 26. Re2 Na7 27.
Na3 b5 28. cxb5 Rab8 29. d4 cxd4+ 30. Rxd4 Nxb5+ 31. Nxb5 Rxb5 32. Kc2 Rc8+ {
Klappe!} 0-1

[Event "21st Open"]
[Site "Oberwart"]
[Date "1999.07.13"]
[Round "4.3"]
[White "GALKIN, Alexander"]
[Black "BALINOV, Ilia"]
[Result "1/2-1/2"]
[WhiteElo "2535"]
[BlackElo "2448"]
[PlyCount "29"]
[EventDate "1999.07.13"]

1. e4 c5 2. Nf3 Nc6 3. d4 cxd4 4. Nxd4 Nf6 5. Nc3 e5 6. Ndb5 d6 7. Bg5 a6 8.
Na3 b5 9. Bxf6 gxf6 10. Nd5 f5 11. c3 Bg7 12. exf5 Bxf5 13. Nc2 O-O 14. Nce3
Bg6 15. h4 {.} 1/2-1/2

[Event "21st Open"]
[Site "Oberwart"]
[Date "1999.07.13"]
[Round "4.4"]
[White "BAUMEGGER, Siegfried"]
[Black "LOGINOV, Valery"]
[Result "0-1"]
[WhiteElo "2409"]
[BlackElo "2530"]
[PlyCount "62"]
[EventDate "1999.07.13"]

1. d4 Nf6 2. c4 e6 3. g3 c5 4. d5 exd5 5. cxd5 g6 6. Nc3 Bg7 7. d6 O-O 8. Bg2
Nc6 9. Nf3 Re8 10. O-O b6 11. Re1 Ba6 12. e4 Nb4 13. e5 Ng4 14. Nd5 Nd3 15. Nc7
Nxe1 16. Nxe1 Rxe5 17. Bxa8 Qf6 18. Bf4 Nxf2 19. Nd5 Rxd5 20. Qxd5 Qxb2 21. Nc2
Nh3+ 22. Kh1 Nxf4 23. gxf4 Qxc2 24. Re1 Bc3 25. Qe4 Qd2 26. Rg1 Qxd6 27. Bd5
Kg7 28. Rg3 Bd4 29. f5 Bb5 30. fxg6 hxg6 31. Rf3 f5 0-1

[Event "21st Open"]
[Site "Oberwart"]
[Date "1999.07.13"]
[Round "4.5"]
[White "GLEIZEROV, Evgeny"]
[Black "KUPREICHIK, Viktor"]
[Result "1/2-1/2"]
[WhiteElo "2520"]
[BlackElo "2429"]
[PlyCount "21"]
[EventDate "1999.07.13"]

1. d4 d5 2. c4 c6 3. Nf3 Nf6 4. Nc3 dxc4 5. a4 Bf5 6. e3 e6 7. Bxc4 Bb4 8. O-O
Nbd7 9. Nh4 Bg4 10. f3 Nd5 11. fxg4 {.} 1/2-1/2

[Event "21st Open"]
[Site "Oberwart"]
[Date "1999.07.13"]
[Round "4.6"]
[White "DVOIRYS, Semen"]
[Black "KUMMER, Helmut"]
[Result "1-0"]
[WhiteElo "2590"]
[BlackElo "2321"]
[PlyCount "69"]
[EventDate "1999.07.13"]

1. e4 e5 2. Nf3 Nc6 3. Bb5 a6 4. Ba4 Nf6 5. O-O Nxe4 6. d4 b5 7. Bb3 d5 8. dxe5
Be6 9. Nbd2 Nc5 10. c3 Be7 11. Bc2 Bg4 12. Qe1 Ne6 13. Kh1 Bh5 14. Ng1 Bg6 15.
Bb1 Nf4 16. Qe3 Bg5 17. Ndf3 Bh6 18. Qc5 Ne7 19. Bxf4 Bxf4 20. a4 Rb8 21. b4 f6
22. axb5 axb5 23. Re1 Bxb1 24. Raxb1 Kf7 25. g3 Bxe5 26. Nxe5+ fxe5 27. Rxe5
Re8 28. Nf3 h6 29. Rbe1 Qd6 30. Qe3 Qd7 31. Nd4 Rbc8 32. Qf3+ Kg8 33. Qe2 Kf7
34. Qh5+ Kg8 35. Nf5 1-0

[Event "21st Open"]
[Site "Oberwart"]
[Date "1999.07.13"]
[Round "4.7"]
[White "LERNER, Konstantin"]
[Black "KORPICS, Zsolt"]
[Result "1/2-1/2"]
[WhiteElo "2588"]
[BlackElo "2310"]
[PlyCount "106"]
[EventDate "1999.07.13"]

1. Nf3 Nf6 2. c4 g6 3. Nc3 Bg7 4. e4 O-O 5. d4 c6 6. Bd3 d5 7. cxd5 cxd5 8. e5
Ne8 9. h3 Nc6 10. O-O Nc7 11. Re1 Be6 12. Bf4 Qc8 13. Bf1 h6 14. Qd2 g5 15. Be3
f5 16. exf6 exf6 17. h4 Qe8 18. Bd3 Qh5 19. Ne2 Qf7 20. Ng3 g4 21. Nh2 f5 22.
Ne2 h5 23. Rac1 Bd7 24. g3 Ne6 25. Bb5 Rae8 26. a4 a6 27. Bxc6 Bxc6 28. b3 Qf6
29. Red1 Kh7 30. Nf1 Bh6 31. Qd3 Kg8 32. Re1 f4 33. gxf4 Ng7 34. Neg3 Bxf4 35.
Bxf4 Qxf4 36. Qd2 Qxd2 37. Nxd2 Rxe1+ 38. Rxe1 Rf4 39. Ne2 Rf7 40. Ng3 Rf4 41.
Re7 Nf5 42. Nxf5 Rxf5 43. Nf1 Rf4 44. Ng3 Rxd4 45. Kf1 Rd3 46. Re3 Rd1+ 47. Ke2
Rb1 48. Rd3 Rb2+ 49. Ke3 d4+ 50. Kxd4 Rxf2 51. Nxh5 Rh2 52. Ke5 Rxh4 53. Ng3
Kf7 1/2-1/2

[Event "21st Open"]
[Site "Oberwart"]
[Date "1999.07.13"]
[Round "4.8"]
[White "KOENIG, Dietrich"]
[Black "BURMAKIN, Vladimir"]
[Result "1/2-1/2"]
[WhiteElo "2305"]
[BlackElo "2579"]
[PlyCount "97"]
[EventDate "1999.07.13"]

1. d4 d5 2. c4 e6 3. Nc3 c6 4. Qb3 Nf6 5. Nf3 Nbd7 6. g3 Nb6 7. c5 Nbd7 8. Qa4
e5 9. e3 e4 10. Nd2 h5 11. h3 h4 12. g4 Nh7 13. b4 f5 14. gxf5 Ng5 15. b5 Qf6
16. Bb2 Be7 17. O-O-O O-O 18. Be2 Nb8 19. f4 exf3 20. Nxf3 Nxf3 21. Bxf3 Qxf5
22. Bg4 Qg5 23. Bxc8 Rxc8 24. Kb1 Nd7 25. e4 dxe4 26. Qc4+ Kh8 27. Rhg1 Qh6 28.
Qf7 Re8 29. Rg6 Qh7 30. Rdg1 e3 31. Ka1 Bf6 32. Qxd7 e2 33. Nxe2 Rxe2 34. a4
Rae8 35. Qf7 R2e7 36. Rxf6 Rxf7 37. Rxf7 Qc2 38. d5 Qxa4+ 39. Kb1 Rg8 40. Rfxg7
Rxg7 41. Rxg7 Qd1+ 42. Ka2 Qxd5+ 43. Ka1 Qd1+ 44. Ka2 Qa4+ 45. Kb1 Qe4+ 46. Ka2
Qe6+ 47. Ka3 Qe3+ 48. Ka2 Qe6+ 49. Ka3 {.} 1/2-1/2

[Event "21st Open"]
[Site "Oberwart"]
[Date "1999.07.13"]
[Round "4.10"]
[White "SOMOGYI, Istvan"]
[Black "WEISS, Christian"]
[Result "0-1"]
[WhiteElo "2238"]
[BlackElo "2444"]
[PlyCount "140"]
[EventDate "1999.07.13"]

1. d4 g6 2. Nf3 Bg7 3. g3 d6 4. Bg2 Nd7 5. c4 Ngf6 6. O-O O-O 7. Nc3 e5 8. h3
a6 9. Bg5 h6 10. Be3 g5 11. dxe5 dxe5 12. Qc2 Ne8 13. Rad1 f5 14. Bc5 Rf7 15.
Nh2 c6 16. Ba3 Qf6 17. e3 Bf8 18. Bxf8 Nxf8 19. Rd2 Be6 20. b3 Ng6 21. Na4 Qe7
22. Rfd1 h5 23. Nb6 Rb8 24. c5 Kg7 25. b4 h4 26. Qc3 Nf6 27. gxh4 gxh4 28. Nc4
Bxc4 29. Qxc4 e4 30. Qd4 Ne5 31. f3 Nd3 32. fxe4 fxe4 33. Ng4 Re8 34. Rf1 Ne5
35. Rdf2 Nexg4 36. hxg4 Qe5 37. Qxe5 Rxe5 38. Rf4 Rg5 39. Bxe4 Rxg4+ 40. Kh1
Rxf4 41. Rxf4 Re7 42. Bf5 Kh6 43. Bc8 Kg5 44. Rf5+ Kg6 45. Rf4 Nd5 46. Rxh4
Nxe3 47. Rd4 Nd5 48. Kg2 Kf6 49. a3 Rc7 50. Bh3 Ke5 51. Rh4 Rf7 52. Bc8 Nc3 53.
Rh3 Kd4 54. Rf3 Rc7 55. Be6 Re7 56. Bc8 Kc4 57. Rf6 Nb5 58. Bxb7 Rxb7 59. Rxc6
Rg7+ 60. Kf2 Nc7 61. Ke3 Kb3 62. Ke4 Kxa3 63. Rb6 Kb3 64. Ke5 Kc4 65. Ke4 Re7+
66. Kf5 Re8 67. Rc6 Rc8 68. Rb6 Ra8 69. Ke5 Nd5 70. Rb7 Nxb4 0-1

[Event "21st Open"]
[Site "Oberwart"]
[Date "1999.07.13"]
[Round "4.11"]
[White "ZIMMERMAN, Yuri"]
[Black "SCHEIN, Karl-Heinz"]
[Result "1/2-1/2"]
[WhiteElo "2440"]
[BlackElo "2229"]
[PlyCount "141"]
[EventDate "1999.07.13"]

1. d4 f5 2. g3 Nf6 3. Bg2 g6 4. Nh3 Bg7 5. Nf4 d6 6. Nc3 Nc6 7. d5 Ne5 8. h4
O-O 9. h5 Nxh5 10. Nxh5 gxh5 11. e4 Ng4 12. Rxh5 Qe8 13. Rh4 Qg6 14. Bf4 Bf6
15. Rh1 Bxc3+ 16. bxc3 fxe4 17. Rh4 e3 18. Qe2 exf2+ 19. Kd2 Bf5 20. Rah1 Nf6
21. Qxf2 c6 22. Qd4 cxd5 23. Bxd5+ e6 24. Bb3 Qg7 25. Kc1 d5 26. Bh6 Qe7 27.
Bxf8 Rxf8 28. Kb2 a5 29. g4 Be4 30. Rf1 b5 31. g5 Nd7 32. Rxf8+ Nxf8 33. a4
bxa4 34. Bxa4 Qxg5 35. Rh3 Ng6 36. Qb6 Bf5 37. Qb8+ Kg7 38. Rg3 Qe7 39. Qb6 h5
40. Qd4+ Kh7 41. Qd1 Qh4 42. Rg2 Qxa4 43. Qxh5+ Kg7 44. Qg5 Qb5+ 45. Ka2 Qc5
46. Qd8 Qa7 47. Qd6 Qb7 48. Qc5 Kf6 49. Qxa5 Qd7 50. Qb6 Qa4+ 51. Kb2 Qd7 52.
Rd2 Ne5 53. Qd4 Qc7 54. Re2 Be4 55. Rf2+ Kg6 56. Kc1 Ng4 57. Rf8 Qg7 58. Qc5
Bf5 59. Ra8 Nf6 60. Qg1+ Bg4 61. Ra6 Qh6+ 62. Kb2 Qg5 63. Qd4 Qf5 64. Ra1 e5
65. Qg1 Qd7 66. Rf1 Qb5+ 67. Kc1 Qa4 68. Kb2 Qb5+ 69. Kc1 Qa4 70. Kb2 Qb5+ 71.
Kc1 1/2-1/2

[Event "21st Open"]
[Site "Oberwart"]
[Date "1999.07.13"]
[Round "4.12"]
[White "KOUTSIN, Sergej"]
[Black "NEUSSNER, Siegfried"]
[Result "1-0"]
[WhiteElo "2415"]
[BlackElo "2190"]
[PlyCount "99"]
[EventDate "1999.07.13"]

1. d4 Nf6 2. c4 g6 3. Nc3 d5 4. cxd5 Nxd5 5. e4 Nxc3 6. bxc3 Bg7 7. Nf3 c5 8.
Rb1 O-O 9. Be2 cxd4 10. cxd4 Qa5+ 11. Qd2 Qxd2+ 12. Bxd2 b6 13. O-O Rd8 14.
Rfc1 Ba6 15. Kf1 Bxd4 16. Bb4 Bxe2+ 17. Kxe2 Na6 18. Bxe7 Re8 19. Nxd4 Rxe7 20.
f3 Nc5 21. Nb3 Nxb3 22. Rxb3 Rb7 23. Ke3 b5 24. Rc5 Rab8 25. g4 h6 26. h4 Kg7
27. f4 a6 28. h5 gxh5 29. gxh5 Rd8 30. Rc6 Rd1 31. Rxa6 Rh1 32. e5 Rxh5 33. Ke4
Rc7 34. Rg3+ Kf8 35. Ra8+ Ke7 36. Rgg8 Rh1 37. Rge8+ Kd7 38. Rad8+ Kc6 39. Kf5
h5 40. Kf6 Rf1 41. f5 h4 42. Rh8 Rf2 43. Rh7 Kc5 44. e6 Rxf5+ 45. Kxf5 fxe6+
46. Kg6 Rxh7 47. Kxh7 e5 48. Kg6 e4 49. Kf5 e3 50. Rd3 1-0

[Event "21st Open"]
[Site "Oberwart"]
[Date "1999.07.13"]
[Round "4.13"]
[White "WUKITS, Rene"]
[Black "KOSTIC, Vladimir"]
[Result "1-0"]
[WhiteElo "2225"]
[BlackElo "2402"]
[PlyCount "93"]
[EventDate "1999.07.13"]

1. d4 Nf6 2. c4 e6 3. Nc3 Bb4 4. e3 c5 5. Bd3 d5 6. Nf3 cxd4 7. exd4 dxc4 8.
Bxc4 O-O 9. O-O Nbd7 10. Bg5 Bxc3 11. bxc3 Qc7 12. Bd3 b6 13. c4 Bb7 14. Qe2
Ng4 15. Rfe1 Bxf3 16. Qxf3 Qxh2+ 17. Kf1 Qh5 18. Bf4 e5 19. dxe5 Rae8 20. Qh3
Qxh3 21. gxh3 Ngxe5 22. Bf5 f6 23. Be4 g5 24. Bd2 Nc5 25. Bd5+ Kg7 26. Bc3 Ned3
27. Re3 Rxe3 28. fxe3 Re8 29. Bd4 Kg6 30. a4 Nb3 31. Ra3 Nxd4 32. Rxd3 Nf5 33.
Kf2 Nd6 34. a5 bxa5 35. Ke2 f5 36. Bc6 Rd8 37. c5 Nf7 38. Bd7 Rb8 39. c6 Rb2+
40. Kd1 Rb1+ 41. Kd2 Rb2+ 42. Kd1 Rb1+ 43. Kc2 Rb4 44. Be8 Rb8 45. Bd7 Rb4 46.
Be6 Rb6 47. Bxf7+ 1-0

[Event "21st Open"]
[Site "Oberwart"]
[Date "1999.07.13"]
[Round "4.14"]
[White "JURKOVIC, Hrvoje"]
[Black "GOMBOC, Miha"]
[Result "1-0"]
[WhiteElo "2370"]
[BlackElo "2117"]
[PlyCount "53"]
[EventDate "1999.07.13"]

1. e4 c5 2. b4 cxb4 3. d4 e6 4. a3 bxa3 5. c3 d5 6. e5 Nc6 7. Nxa3 a6 8. Bd3
Qc7 9. Ne2 f6 10. exf6 Nxf6 11. Bf4 Qd8 12. Nb5 Kf7 13. Ng3 Bd7 14. Bc7 Qe7 15.
O-O Kg8 16. Bf4 Ne8 17. Re1 Qf7 18. Nc7 Rc8 19. Nxe6 Bxe6 20. Rxe6 Qxf4 21. Bf5
g6 22. Qb3 Rd8 23. Qxb7 gxf5 24. Qxc6 Ng7 25. Re5 h5 26. Nxf5 Qxe5 27. dxe5 1-0

[Event "21st Open"]
[Site "Oberwart"]
[Date "1999.07.13"]
[Round "4.15"]
[White "SPELEC, Darko"]
[Black "LAKOS, Nikoletta"]
[Result "0-1"]
[WhiteElo "2187"]
[BlackElo "2335"]
[PlyCount "88"]
[EventDate "1999.07.13"]

1. a3 g6 2. Nf3 Bg7 3. c4 c5 4. Nc3 Nc6 5. Qc2 Nd4 6. Qa4 b6 7. e3 Nxf3+ 8.
gxf3 Bb7 9. Be2 Bc6 10. Qc2 d6 11. b3 e5 12. Bb2 Ne7 13. e4 Bh6 14. h4 Ng8 15.
h5 Nf6 16. hxg6 hxg6 17. O-O-O Nh5 18. Kb1 Nf4 19. Bf1 Bg7 20. Rxh8+ Bxh8 21.
Ne2 Nxe2 22. Bxe2 Qh4 23. Qd3 O-O-O 24. b4 Bg7 25. b5 Bb7 26. a4 Kc7 27. Rf1
Rf8 28. Qc3 f5 29. d3 g5 30. Qe1 g4 31. fxg4 fxe4 32. Rh1 Qxf2 33. Qxf2 Rxf2
34. Rh7 Rxe2 35. Rxg7+ Kb8 36. Rg8+ Kc7 37. Rg7+ Kb8 38. Rg8+ Bc8 39. dxe4 Rxe4
40. g5 Rxc4 41. Bc1 Rg4 42. Rf8 Rg2 43. Rf6 Kc7 44. g6 Rxg6 0-1

[Event "21st Open"]
[Site "Oberwart"]
[Date "1999.07.13"]
[Round "4.16"]
[White "FROSCH, Ronald"]
[Black "KOVACS, Gabor"]
[Result "0-1"]
[WhiteElo "2178"]
[BlackElo "2331"]
[PlyCount "126"]
[EventDate "1999.07.13"]

1. d4 Nf6 2. Nf3 e6 3. Bf4 b6 4. e3 Bb7 5. Bd3 c5 6. O-O Be7 7. c3 d6 8. h3
Nbd7 9. Bh2 O-O 10. Nbd2 cxd4 11. exd4 Re8 12. a4 a6 13. Nc4 Qc7 14. Qe2 Bf8
15. Rfe1 h6 16. Qe3 Bd5 17. Qe2 Qc6 18. Ncd2 Qb7 19. Ne4 Nxe4 20. Bxe4 b5 21.
a5 Rec8 22. Nd2 Nf6 23. f3 Rc7 24. Rac1 Rac8 25. Kh1 Rc6 26. Qd3 Be7 27. Ra1
R6c7 28. Rec1 Bc6 29. Qe2 Rd7 30. Bd3 Nd5 31. Ne4 Bf8 32. Qe1 Re8 33. Rc2 Qa8
34. Re2 Qd8 35. Qd2 g6 36. Qe1 Bg7 37. Qd2 Bb7 38. Qe1 Kh8 39. Qd2 Kg8 40. Qe1
Ne7 41. Qh4 Nc6 42. Qf4 e5 43. Qe3 f5 44. Nf2 Nxa5 45. Rae1 Nc6 46. g4 Rf8 47.
d5 Ne7 48. c4 bxc4 49. Bxc4 Qa5 50. Rd1 Kh8 51. Qb3 Rc7 52. Bg1 Rxc4 53. Qxb7
Rc7 54. Qb3 Qb5 55. Qxb5 axb5 56. Rd3 Ra8 57. Nd1 b4 58. Ne3 Ra1 59. b3 Rcc1
60. Rg2 e4 61. fxe4 fxe4 62. Rdd2 Rc3 63. Nc4 Rxb3 0-1

[Event "21st Open"]
[Site "Oberwart"]
[Date "1999.07.13"]
[Round "4.17"]
[White "RUCK, Robert"]
[Black "PROCHASKA, Juergen"]
[Result "1-0"]
[WhiteElo "2485"]
[BlackElo "2225"]
[PlyCount "71"]
[EventDate "1999.07.13"]

1. d4 Nf6 2. c4 c5 3. d5 b5 4. cxb5 a6 5. bxa6 Bxa6 6. Nc3 d6 7. Nf3 g6 8. e4
Bxf1 9. Kxf1 Nbd7 10. g3 Bg7 11. Kg2 O-O 12. Re1 Ng4 13. Qe2 Nge5 14. Nxe5 Nxe5
15. f4 Nd7 16. Bd2 Qb6 17. b3 Rfb8 18. Rac1 Qa6 19. Rc2 Nb6 20. Qxa6 Rxa6 21.
Re2 Rba8 22. Be1 Bxc3 23. Bxc3 f5 24. Kf3 fxe4+ 25. Kxe4 Rf8 26. g4 Kf7 27. Rf2
Raa8 28. f5 gxf5+ 29. Rxf5+ Kg6 30. a4 c4 31. Rcf2 Rxf5 32. gxf5+ Kf7 33. a5
Nd7 34. b4 Rg8 35. Bd4 Rg1 36. a6 1-0

[Event "21st Open"]
[Site "Oberwart"]
[Date "1999.07.13"]
[Round "4.18"]
[White "STANEC, Nikolaus"]
[Black "CSONKA, Attila"]
[Result "0-1"]
[WhiteElo "2477"]
[BlackElo "2225"]
[PlyCount "48"]
[EventDate "1999.07.13"]

1. c4 e5 2. Nc3 Nf6 3. g3 d5 4. cxd5 Nxd5 5. Bg2 Nb6 6. Nf3 Nc6 7. O-O Be7 8.
d3 O-O 9. Be3 Re8 10. Rc1 Bf8 11. Ne4 Nd4 12. Nxd4 exd4 13. Bg5 f6 14. Bd2 c6
15. Re1 Be6 16. a4 a5 17. Nc5 Bxc5 18. Rxc5 Nd7 19. Rc1 Qb6 20. Qc2 Bb3 21. Qb1
Nc5 22. Bf4 Nxa4 23. Qa1 Qb4 24. e4 g5 0-1